Katherine Parr - Statistics

General Stats
  • This quiz has been taken 12 times
  • The average score is 7 of 20
Answer Stats
Question Answer % Correct
Katherine Parr was married how many times? Four
92%
Henry VIII was what number husband? Three
75%
Katherine was a strong believer in what faith? Protestant
67%
Who did Katherine marry shortly after Henry's death? Thomas Seymour
67%
After Henry's death, Katherine took in which of her stepchildren? Elizabeth I
58%
When Henry fought in France in 1544, he appointed Katherine to what position? Regent
58%
Katherine was named for which of Henry's previous wives? Katherine of Aragon
50%
What other young girl was a part of Katherine's household? Lady Jane Grey
50%
In 1546, Katherine was almost what? Arrested
42%
Katherine ensured that Henry returned his daughters to the what? Line of Succession
42%
Name Katherine's only child. Mary Seymour
42%
Who was tortured to give evidence against Katherine? (she didn't) Anne Askew
33%
Katherine died soon after what? Giving birth
25%
Katherine was a member of whose household when she caught Henry's eye? Mary I
25%
During which rebellion was Katherine held hostage? Pilgrimage of Grace
17%
John Neville
0%
As a child Katherine hated needlework, saying what? My hands are ordained to touch crowns and sceptres, not spindles and needles
0%
Katherine became the first woman in England to do what? Publish under her own name
0%
Name Katherine's first two husbands. Sir Edmund Burgh
0%
What was Katherine's motto as Queen? To Be Useful In All That I Do
0%
No matching quizzes found
Score Distribution
Percent of People with Each Score
Percentile by Number Answered
Your Score History
You have not taken this quiz